000 00722nam a2200241 i 4500
001 bg
100 1 _aMILBURN, Ken.
245 1 0 _aAnimacje sieciowe Flash 3 :
_befekty specjalne /
_cKen Milburn, Janine Warner ; [tł. zbiorowe].
260 _aGliwice :
_b"Helion",
_ccop. 1999.
300 _a432, [16] s. :
_bfot., rys. ;
_c24 cm +
_eCD ROM.
650 9 _aFlash 3
650 9 _aGrafika komputerowa
_xprogramowanie
650 9 _aSieć komputerowa
_xprogramowanie
655 _aPodręczniki
700 1 _aWARNER, Janine.
020 _a8371971753
040 _cBPK
041 1 _apl
_hen
080 _a004.42:004.92:004.77](07)
920 _a83-7197-175-3
942 _cKS
008 s pl f |000 0 pol
999 _c36241
_d36241
856 _uhttp://koha.tu.koszalin.pl/cgi-bin/koha/opac-detail.pl?biblionumber=36241
_yKatalog online BPK